[Event "ESP-ch U10"]
[Site "Salobrena Granada"]
[Date "2017.07.03"]
[Round "1"]
[White "Fernandez Rosado, Roberto"]
[Black "Torres Lopez, David"]
[Result "1-0"]
[WhiteElo "1436"]
[BlackElo "1125"]
[PlyCount "69"]
[EventDate "2017.07.03"]
[EventType "swiss"]
[EventRounds "9"]
[EventCountry "ESP"]
[SourceTitle "EXT 2024"]
[Source "ChessBase"]
[SourceDate "2023.10.10"]
[SourceVersion "1"]
[SourceVersionDate "2023.10.10"]
[SourceQuality "1"]

1. e4 c5 2. Nf3 Nc6 3. d4 cxd4 4. Nxd4 g6 5. c4 Bg7 6. Be3 Nf6 7. Nc3 0-0 8. Be2 d6 9. 0-0 Bd7 10. Qd2 Nxd4 11. Bxd4 Be6 12. f3 a6 13. Nd5 Nxd5 14. cxd5 Bd7 15. Bxg7 Kxg7 16. Qd4+ f6 17. f4 Qc7 18. Rfc1 Qb8 19. Qb6 Qa7 20. Qxa7 Rxa7 21. Rc7 Rd8 22. Rac1 Kf7 23. R1c3 Be8 24. Kf2 Rda8 25. e5 Kg8 26. Rxe7 fxe5 27. fxe5 dxe5 28. Rcc7 h5 29. Rg7+ Kf8 30. Rh7 Kg8 31. d6 Rd8 32. Bc4+ Bf7 33. Rcxf7 Rxd6 34. Rfg7+ Kf8 35. Rg8# 1-0

[Event "ESP-ch U10"]
[Site "Granada"]
[Date "2016.06.28"]
[Round "3"]
[White "Diaz Reyes, Killian"]
[Black "Torres Lopez, David"]
[Result "1-0"]
[WhiteElo "1296"]
[BlackElo "1035"]
[PlyCount "123"]
[EventDate "2016.06.27"]
[EventType "swiss"]
[EventRounds "9"]
[EventCountry "ESP"]
[SourceTitle "EXT 2024"]
[Source "ChessBase"]
[SourceDate "2023.10.10"]
[SourceVersion "1"]
[SourceVersionDate "2023.10.10"]
[SourceQuality "1"]

1. e4 g6 2. d4 Bg7 3. Nf3 d6 4. Nc3 a6 5. Be3 b5 6. Bd3 Nd7 7. 0-0 Ngf6 8. Qd2 0-0 9. Bh6 Bb7 10. Rfe1 Rc8 11. Bxg7 Kxg7 12. Qg5 c5 13. Re3 cxd4 14. Nxd4 e5 15. Nf5+ Kh8 16. Nxd6 Rc7 17. Nxb7 Rxb7 18. Rh3 Nh5 19. Qh6 Ndf6 20. Nd5 Ng8 21. Qe3 f5 22. exf5 Qxd5 23. Be4 Qd7 24. Bxb7 Qxb7 25. Qxe5+ Qg7 26. Qxg7+ Kxg7 27. fxg6 hxg6 28. Rd1 Nf4 29. Rd7+ Kf6 30. Rf3 g5 31. Rd6+ Kg7 32. Rxa6 Re8 33. Re3 Rd8 34. h3 Rd2 35. Re5 Rxc2 36. Rxg5+ Kh7 37. Rxb5 Rc1+ 38. Kh2 Rc2 39. Rb7+ Kh8 40. Raa7 Nf6 41. Rb8+ Ng8 42. Raa8 Kh7 43. Rxg8 Rxb2 44. Rh8+ Kg7 45. Rag8+ Kf7 46. Rf8+ Kg7 47. Rhg8+ Kh7 48. Rg4 Ne6 49. Rf5 Kh6 50. Rf6+ Kh5 51. Rxe6 Rxf2 52. Re8 Rf6 53. Rh8+ Rh6 54. Rxh6+ Kxh6 55. a4 Kh5 56. a5 Kh6 57. a6 Kh7 58. a7 Kh8 59. a8Q+ Kh7 60. Qb7+ Kh6 61. Qg7+ Kh5 62. Qg5# 1-0